000 00791nam a2200157 i 4500
001 76337
003 ES-MaACL
005 20230906172816.0
007 t|
008 040930m19531963gw ||||1| ger d
245 0 4 _aDer grosse Brockhaus
_b: Sechzehnte, vóllig neubearbeitete auflage in zwölf Bèande, zwe Erganz urgsbèande und ein Atlas.
260 _aWiesbaden :
_bEberhard Brockhaus,
_c1952-1963.
300 _a14 v. :
_bil. ;
_c25 cm.
505 8 _aContiene: V. I: A-Beo. -- V. II: Ber-Cz. --V.III: D-Faz. -- V. IV: Fba-Goz. -- V. V: Gp-Iz. -- V. VI: J-Kz. -- V. VII: L-Mij. -- V. VIII: Mik-Par. -- V. IX: Pas-Rim. -- V. X: Rin-Sok. -- V. XI: Sol-unj. -- V. XII: Unk-Zz. -- V. XIII: Ergèanzungsband. -- V. XIV: Zweiter Ergèanzungsband A-Z
852 _aES-MaACL
_jC-16427-39
_bR.44767
999 _c76337
_d76337